Government and politics of the People's Republic of China (Record no. 1433173)

MARC details
000 -LEADER
fixed length control field 00646nam a2200217Ia 4500
005 - DATE AND TIME OF LATEST TRANSACTION
control field 20250701164449.0
008 - FIXED-LENGTH DATA ELEMENTS--GENERAL INFORMATION
fixed length control field 008 250505s9999 xx 000 0 eng d
020 ## - INTERNATIONAL STANDARD BOOK NUMBER
International Standard Book Number 070691595X
037 ## - SOURCE OF ACQUISITION
Stock number Textual
040 ## - CATALOGING SOURCE
Original cataloging agency EASL
Language of cataloging eng
Transcribing agency EASL
041 ## - LANGUAGE CODE
Language code of text/sound track or separate title eng
Source of code eng
084 ## - COLON CLASSIFICATION NUMBER
Classification number W.41.N7, M1
Assigning agency EASL
100 ## - MAIN ENTRY--PERSONAL NAME
Personal name Waller Derek J
245 #0 - TITLE STATEMENT
Title Government and politics of the People's Republic of China
260 ## - PUBLICATION, DISTRIBUTION, ETC.
Place of publication, distribution, etc. India
Name of publisher, distributor, etc. New Delhi Vikas India
Date of publication, distribution, etc. 1981
300 ## - PHYSICAL DESCRIPTION
Extent 228p.
365 ## - TRADE PRICE
Price amount 195.00 (each)
650 ## - SUBJECT ADDED ENTRY--TOPICAL TERM
Topical term or geographic name entry element CCP - Congresses; Five Year Plan - third; CEL
9 (RLIN) 814978
942 ## - ADDED ENTRY ELEMENTS (KOHA)
Koha item type Textual
Classification part W.41.N7, M1
Holdings
Withdrawn status Lost status Damaged status Not for loan Collection Home library Current library Date acquired Total Checkouts Full call number Barcode Date last seen Price effective from Koha item type
        Text Book Department of East Asian Studies Library Department of East Asian Studies Library 2025-07-01   W.41.N7, M1 EA0788756A 2025-07-01 2025-07-01 Textual
Copyright @ Delhi University Library System